| 000 | 00938cam a22002894a 4500 | ||
|---|---|---|---|
| 001 | 12685058 | ||
| 003 | CEME | ||
| 005 | 20210628201517.0 | ||
| 008 | 020214s2003 iaua b 001 0 eng | ||
| 010 | _a 2002022661 | ||
| 020 | _a0072525037 (alk. paper) | ||
| 020 | _a0071195203 (International ed.) | ||
| 035 | _a(DLC) 2002022661 | ||
| 035 | _a(DLC)979 | ||
| 040 |
_aDLC _cDLC _dDLC |
||
| 042 | _apcc | ||
| 050 | 0 | 0 |
_aTK7868.D5 _bG57 2003 |
| 082 | 0 | 0 |
_a621.381 _221 |
| 100 | 1 |
_aGivone, Donald D. _936571 |
|
| 245 | 1 | 0 |
_aDigital principles and design / _cDonald Givone. |
| 260 |
_aDubuque : _bMcGraw-Hill, _cc2003. |
||
| 300 |
_axviii, 702 p. : _bill. ; _c24 cm. + _e1 CD-ROM (4 3/4 in.) |
||
| 504 | _aIncludes bibliographical references (p. 684-686) and index. | ||
| 650 | 0 |
_aDigital electronics. _93115 |
|
| 856 | 4 | 1 |
_3Table of contents only _uhttp://www.loc.gov/catdir/enhancements/fy0668/2002022661-t.html |
| 942 |
_2ddc _cBK |
||
| 999 |
_c566396 _d566396 |
||